| 000 | 00531nam a22002177a 4500 | ||
|---|---|---|---|
| 005 | 20151229104038.0 | ||
| 008 | 150515b xxu||||| |||| 00| 0 eng d | ||
| 020 | _a9780077276515 | ||
| 020 | _a0073519529 | ||
| 041 | 0 | _aeng | |
| 080 | _a512.5 | ||
| 100 | 1 | _aCoburn W. JOHN | |
| 245 | 0 | 0 | _aAlgebra & Trigonometry |
| 250 | _a2'th ed.; | ||
| 260 |
_aAmericas _bMcGraw-Hill _c2010 |
||
| 300 |
_a1191 f.: _bme il.; _c28 cm. |
||
| 505 | _aIndex: f. 1191 - 1177 | ||
| 650 | 0 | _aAlgjebra | |
| 650 | 0 | _aTrigonometri | |
| 942 |
_2udc _cBK |
||
| 999 |
_c793 _d793 |
||